| 000 | 00806cam a2200253u 4500 | ||
|---|---|---|---|
| 001 | 26168 | ||
| 003 | BD-RjUL | ||
| 005 | 20211209050959.0 | ||
| 008 | 140320r19491946enkabcf 001 0 eng d | ||
| 035 | _a(BD-RjUL)26238 | ||
| 040 |
_aDLC _cCarP _dDLC _dBD-RjUL _beng |
||
| 041 | _aeng | ||
| 082 | 0 | 4 |
_a951 _bCAC 1949 |
| 100 | 1 |
_aCable, Mildred. [from old catalog] _980417 |
|
| 245 | 0 | 0 |
_aChina, her life and her people / _c Mildred Cable |
| 260 |
_aLondon : _bUniversity of London press ltd, _c1946 [Reprinted 1949] |
||
| 300 |
_a160 p. : _bill. ; _c20 cm. |
||
| 651 | 0 |
_aChina _xCivilization. _980418 |
|
| 651 | 0 |
_aChina _xSocial life and customs. _980419 |
|
| 700 | 1 |
_aFrench, Francesca Law, [from old catalog] _ejoint author. _980420 |
|
| 942 |
_2ddc _cBK |
||
| 999 |
_c26168 _d26168 |
||